Statistics for Who has never hosted a Super Bowl?

Click here to take the quiz!

General Stats

  • This quiz has been taken 26 times
  • The average score is 12 of 16

Answer Stats

HintAnswer% Correct
7Denver Broncos
88%
6Cleveland Browns
83%
8Green Bay Packers
83%
1Baltimore Ravens
79%
2Buffalo Bills
79%
4Chicago Bears
79%
11New England Patriots
79%
14Seattle Seahawks
79%
9Kansas City Chiefs
75%
10Las Vegas Raiders
75%
13Pittsburgh Steelers
75%
16Washington Commanders
75%
3Carolina Panthers
71%
12Philadelphia Eagles
71%
5Cincinnati Bengals
67%
15Tennessee Titans
67%

Score Distribution

Percentile by Number Answered

Percent of People with Each Score

Your Score History

You have not taken this quiz